| 000 | 00579nam a2200181Ia 4500 | ||
|---|---|---|---|
| 008 | 090123s9999 xx 000 0 und d | ||
| 082 | _b31872 | ||
| 100 | _aमिरासदार द.मा. | ||
| 245 | _aफर्मास गोष्टी | ||
| 250 | _a1 | ||
| 260 |
_bश्रीकल्प प्रकाशन _c2000 |
||
| 300 | _a107 | ||
| 600 | _aमिरासदार द.मा. | ||
| 630 | _aफर्मास गोष्टी | ||
| 700 | _aमिरासदार द.मा. | ||
| 730 | _aफर्मास गोष्टी | ||
| 942 | _cBOOK | ||
| 999 |
_c69931 _d69931 |
||